Administración estratégica : (Registro nro. 13029)

Detalles MARC
000 -LIDER
fixed length control field 01036nam a22003017a 4500
003 - IDENTIFICACDOR DE NÚMERO DE CONTROL
control field DO-SdBNP
005 - DATE AND TIME OF LATEST TRANSACTION
control field 20171129084746.0
008 - ELEMENTOS DE LONGITUD FIJA
fixed length control field 161031b 1999 mx a 00| 0 spa d
020 ## - ISBN
International Standard Book Number 9687529776
040 ## - FUENTE DE CATALOGACIÓN
Agencia que crea de manera original el registro BPMSU
Idioma de catalogación spa
Agencia que realiza la transcripción BPMSU
082 ## - NÚMERO DE CLASIFICACIÓN DECIMAL DE DEWEY
Classification number xxxx
Item number xxxx
100 ## - ASIENTO PRINCIPAL -- NOMBRE PERSONAL
Nombre personal Hitt, Michael A.
245 10 - MENCIÓN DE TITULO
Título Administración estratégica :
Subtítulo conceptos, competitividad y globalización
Mención de responsabilidad Michael A. Hill, R. Duane Ireland, Robert E. Hoskisson ; traducción Verania de Parres Cárdenas
250 ## - MENCIÓN DE EDICION
Mención de edición 3a. ed.
260 ## - PUBLICACIÓN, DISTRIBUCIÓN, ETC. (PIE DE IMPRENTA)
Lugar de publicación, distribución, etc México :
Nombre del editor, distribuidor, etc. International Thomson editores,
Fecha de publicación, distribución, etc 1999.
300 ## - DESCRIPCIÓN FÍSICA
Extensión 502 p. :
Dimensiones 27 cm.
500 ## - NOTA GENERAL
Nota general Incluye casos.
500 ## - NOTA GENERAL
Nota general Incluye índice de nombres.
500 ## - NOTA GENERAL
Nota general Incluye índice de compañías.
500 ## - NOTA GENERAL
Nota general Incluye índice temático.
700 1# - ASIENTO SECUNDARIO -- NOMBRE PERSONAL
Nombre personal Ireland, R. Duane
700 1# - ASIENTO SECUNDARIO -- NOMBRE PERSONAL
Nombre personal Hoskisson, Robert E.
700 1# - ASIENTO SECUNDARIO -- NOMBRE PERSONAL
Nombre personal Parres Cárdenas, Verania de
Mención de responsabilidad trad.
910 ## - VALIDACIÓN
Validación 000144
942 ## - ADDED ENTRY ELEMENTS (KOHA)
Source of classification or shelving scheme Dewey Decimal Classification
Koha item type Libros
945 ## - INFORMACIÓN DE PROCESAMIENTO LOCAL
Información de procesamiento local Inventariado extranjero / 2017 BT
956 ## - LOCAL ELECTRONIC LOCATION AND ACCESS (OCLC)
Método de acceso YLOCKWARD
Materiales especificados 10
Campo enlazado y núm. de secuencia BPMSU
Nombre de host Yngrid Lockward
Existencias
Withdrawn status Lost status Source of classification or shelving scheme Damaged status Not for loan Collection code Home library Current library Date acquired Source of acquisition Total Checkouts Full call number Barcode Date last seen Price effective from Koha item type
    Dewey Decimal Classification     Colección General Biblioteca Pública Metropolitana Salomé Ureña Biblioteca Pública Metropolitana Salomé Ureña 11/22/2017 Donación   xxxx xxxx BPMSU17110345 11/22/2017 11/22/2017 Libros